| 000 | 00821nas a2200277 4500 | ||
|---|---|---|---|
| 001 | BR0104639 | ||
| 003 | BR-BrBNA | ||
| 005 | 20231205102540.0 | ||
| 007 | ta | ||
| 008 | 230509b bl.|||p| |||| 00| 00por d | ||
| 040 |
_aBR-BrBNA _bpor _cBiblioteca Nacional de Agricultura |
||
| 041 | _a(Pt) | ||
| 072 | _aP34 | ||
| 100 | 1 | _aChu, E.Y. | |
| 100 | 1 | _aMoller, M. de R.F. | |
| 100 | 1 | _aCarvalho, J.G. de | |
| 245 | 1 | _aEfeitos da inoculacao micorrizica em mudas de gravioleira em solo fumigado e nao fumigado | |
| 650 | _aGraviola | ||
| 650 | _aMuda | ||
| 650 | _aMicorriza | ||
| 650 | _aInoculacao | ||
| 650 | _aNutriente | ||
| 773 | 0 |
_tPesquisa Agropecuaria Brasileira (Brazil) _xISSN 0100-204X _g(Apr 2001), v. 36(4) p. 671-680 _wBR0104639 |
|
| 909 |
_a202311 _bLúcia _c55 _dLúcia Elande |
||
| 942 |
_2AGRIS _n0 _cANA |
||
| 999 |
_c168107 _d168107 |
||